Hán Việt từ điển
Sách giải thích ý nghĩa của các từ thường gặp trong Hán văn cổ. Sắp xếp các từ dựa vào Bộ thủ (lề lối được áp dụng để biên soạn các tự điển về cổ văn)
Spremljeno u:
| Glavni autor: | |
|---|---|
| Format: | Knjiga |
| Jezik: | Undetermined |
| Izdano: |
Huế
Thuận Hóa
2004
|
| Teme: | |
| Oznake: |
Dodaj oznaku
Bez oznaka, Budi prvi tko označuje ovaj zapis!
|
| Thư viện lưu trữ: | Trung tâm Học liệu Trường Đại học Cần Thơ |
|---|
| LEADER | 00887nam a2200217Ia 4500 | ||
|---|---|---|---|
| 001 | CTU_92237 | ||
| 008 | 210402s9999 xx 000 0 und d | ||
| 020 | |c 250000 | ||
| 082 | |a 495.103 | ||
| 082 | |b C108 | ||
| 100 | |a Vĩnh, Cao | ||
| 245 | 0 | |a Hán Việt từ điển | |
| 245 | 0 | |c Vĩnh Cao, Nguyễn Phố ; Lê Quý Ngưu hiệu đính | |
| 260 | |a Huế | ||
| 260 | |b Thuận Hóa | ||
| 260 | |c 2004 | ||
| 520 | |a Sách giải thích ý nghĩa của các từ thường gặp trong Hán văn cổ. Sắp xếp các từ dựa vào Bộ thủ (lề lối được áp dụng để biên soạn các tự điển về cổ văn) | ||
| 650 | |a Chinese language,Vietnamese language | ||
| 650 | |x Vietnamese,Chinese | ||
| 904 | |i Nguyên, H.Mai | ||
| 980 | |a Trung tâm Học liệu Trường Đại học Cần Thơ | ||